000 00841nam a2200253Ia 4500
003 OSt
005 20220930072857.0
006 a|||||r|||| 00| 0
007 ta
008 220926b |||||||| |||| 00| 0 pan d
024 _a25642
037 _cTheses
040 _aCRL
_cCRL
_bpan
041 _2pan
_apan
100 _aKamaljeet Kaur
_9530611
110 _aUniversity of Delhi. Faculty of Arts. Department of Punjabi
_9519628
245 0 _aDalip Kaur Tiwana de novelon (aer ver mildian, lang gaye dariya ate dooni suhawa bagh da chehan vigyanik adhyan.
260 _c1998
650 _aPUNJABI LITERATURE
700 _a Jagbir Singh Supervisor
_9530612
700 _aUniversity of Delhi. Faculty of Arts. Department of Punjabi
_9519631
942 _cDIS
_2CC
999 _c864409
_d864409